Normal view
MARC view
- Dr. Muazzam Ali Khan
Entry Personal Name
001 - CONTROL NUMBER
- control field: 20924
003 - CONTROL NUMBER IDENTIFIER
- control field: NUST
005 - DATE AND TIME OF LATEST TRANSACTION
- control field: 20190919104604.0
008 - FIXED-LENGTH DATA ELEMENTS
- fixed length control field: 190919|| aca||aabn | a|a d
040 ## - CATALOGING SOURCE
- Original cataloging agency: NUST
- Transcribing agency: NUST
100 ## - HEADING--PERSONAL NAME
- Personal name: Dr. Muazzam Ali Khan
670 ## - SOURCE DATA FOUND
- Source citation: Work cat.: (NUST): Rafique, Nazish 20923, Security Framework for Black Hole Attack Prevention using Trust Managment and Fuzzy Logic Analyzer in Vanets /, 2016.
